Advanced Accounts (Record no. 9120)

MARC details
000 -LEADER
fixed length control field 00370nam a22001577a 4500
003 - CONTROL NUMBER IDENTIFIER
control field OSt
008 - FIXED-LENGTH DATA ELEMENTS--GENERAL INFORMATION
fixed length control field 201117b ||||| |||| 00| 0 eng d
020 ## - INTERNATIONAL STANDARD BOOK NUMBER
International Standard Book Number 9789352533138
100 ## - MAIN ENTRY--PERSONAL NAME
Personal name SHUKLA, M. C. and GREWAL, T. S
245 ## - TITLE STATEMENT
Title Advanced Accounts
250 ## - EDITION STATEMENT
Edition statement 19 ed.
260 ## - PUBLICATION, DISTRIBUTION, ETC. (IMPRINT)
Place of publication, distribution, etc New Delhi
Name of publisher, distributor, etc S Chand
Date of publication, distribution, etc 2020
300 ## - PHYSICAL DESCRIPTION
Extent 1766
650 ## - SUBJECT ADDED ENTRY--TOPICAL TERM
Topical term or geographic name as entry element B.Com. Hons
942 ## - ADDED ENTRY ELEMENTS (KOHA)
Source of classification or shelving scheme Dewey Decimal Classification
Koha item type Text Books
Holdings
Withdrawn status Lost status Source of classification or shelving scheme Damaged status Not for loan Collection code Home library Current library Date acquired Source of acquisition Cost, normal purchase price Bill Number Total Checkouts Acc. no. / Barcode Date last seen Actual Cost, discounted price Bill Date Koha item type Date last borrowed
    Dewey Decimal Classification     B.Com. Hons PIET NCR College Library PIET NCR College Library 17/11/2020 Kirti Prakashan 699.00 IN254   N101 17/11/2020 503.28 05/08/2020 Text Books  
    Dewey Decimal Classification     B.Com. Hons PIET NCR College Library PIET NCR College Library 17/11/2020 Kirti Prakashan 699.00 IN254 1 N102 23/11/2021 503.28 05/08/2020 Text Books 08/11/2021
    Dewey Decimal Classification     B.Com. Hons PIET NCR College Library PIET NCR College Library 17/11/2020 Kirti Prakashan 699.00 IN254 1 N103 03/12/2021 503.28 05/08/2020 Text Books 23/11/2021

Design & Developed by: PIET Central Library
R70 Miles Stone Pattikalyana Samalkha Panipat 132102
mail ID :- [email protected], Phone No:- 0180-2569700 Ex.216